000 00544nam a2200193Ia 4500
005 20250508154035.0
008 008 250505s9999 xx 000 0 eng d
037 _aTextual
040 _aFEDL
_beng
_cFEDL
041 _aeng
_2eng
084 _a370.973, HAR
_qFEDL
100 _aHartford Ellis Ford
_991985
245 0 _aEducation in these United States
260 _aNew York, USA
_bThe Macmillan Company
_c1964
300 _axiv,576p
650 _aEducation
942 _cTEXL
_h370.973, HAR
999 _c1347225
_d1347225